000 00483nam a2200181Ia 4500
008 151202s9999||||xx |||||||||||||| ||und||
082 _bPNVM-54144
100 _aइनामदार ना.स.
245 _aशहेनशहा.
260 _b---
260 _c0
300 _a0
600 _aइनामदार ना.स.
630 _aशहेनशहा.
700 _aइनामदार ना.स.
730 _aशहेनशहा.
942 _cBOOK
999 _c1320683
_d1320680